Flagi państwa śródlądowych - nagła śmierć - Statystyki

Ogólne statystyki
  • Ten quiz został rozwiązany 42 razy
  • Średni wynik to 11 z 23
Answers on the Grid
Answers color-coded by a green-red scale on the quiz's grid according to % correct below.
 
Statystyki odpowiedzi
Odpowiedź % Poprawnych
Białoruś
71%
Bhutan
71%
Szwajcaria
71%
Mongolia
65%
Nepal
65%
Serbia
59%
Słowacja
59%
Węgry
59%
San Marino
59%
Kazachstan
59%
Luksemburg
53%
Afganistan
53%
Paragwaj
47%
Botswana
41%
Mołdawia
41%
Etiopia
35%
Mali
29%
Zambia
29%
Laos
24%
Boliwia
24%
Uganda
18%
Azerbejdżan
12%
Sudan
Południowy
12%
Nie znaleziono quizów pasujących do podanych kryteriów
Rozkład punktacji
Procent ludzi z każdym wynikiem
Percentyl według liczby udzielonych odpowiedzi
Twoja historia wyników
Nie rozwiązałeś tego quizu